000 00695nam a2200193 i 4500
001 122545
003 ES-MaACL
005 20251003152918.0
007 t|
008 070214s1964 sp r ||||1| spa d
100 1 _aPuerto Mezquita, Gonzalo.
_994189
245 1 3 _aEl pintor Porcar
_b: su vida y afanes /
_cGonzalo Puerto Mezquita ; prólogo de Angel Sánchez Gozalbo.
260 _aCastellón de la Plana :
_bSocietad Castellonense de Cultura,
_c1964.
300 _a190 p., 3 lám. :
_bil. ;
_c32 cm.
600 1 7 _aPorcar Ripollés, Juan Bautista,
_d1889-1974
_2
_9160069
700 1 _aSánchez Gozalbo, Angel.
_9102689
852 _aES-MaACL
_jC-25184
_bR.53674
999 _c122545
_d122545